000
00313nam a22001337a 4500
020
_a
NA
082
_2
22
_a
294.3
100
_a
Tsering Amitayus Lama.
245
_a
Dharmakaya Stupa
250
_a
NA
260
_a
Thimphu,
_b
Dzongkha Development Commission,
_c
c1999.
300
_a
214,;
_b
NA
_c
24cm
942
_2
ddc
_c
BK
_0
1
999
_c
562
_d
562